000 00849nam a22002657a 4500
003 OSt
005 20260601193859.0
008 260505b2004 sp a|||| |||| 00| 0 spa d
020 _a8496241912
040 _aICI
_bspa
_cICI
041 _aspa
050 _aNA2540.6
_bK67 2005
100 1 _aKliczkowski, H..
_eautor
245 0 _aBaños /
_cFrancisco Asensio Acero y H. Kliczkowski
260 _aBarcelona :
_bLinks International :
_bH. Kliczkowski,
_c2005.
300 _a62 páginas :
_eilustraciones
504 _aIncluye referencias.
650 _aBaños
_xDiseño
_933603
650 _aCuartos de baño
_xDiseño y construcción
650 _aArquitectura de interiores
650 _aDiseño de interiores
650 _aViviendas
_xInstalaciones sanitarias
_933606
700 _aAcero, Francisco Asensio,
_eautor
_933607
942 _2lcc
_cB
_n1
999 _c22177
_d22177